| 000 | 01852cam a22004452 4500 | ||
|---|---|---|---|
| 001 | 0000008889 | ||
| 005 | 20151217154405.0 | ||
| 008 | 080616s xx 000 0 eng d | ||
| 020 |
_a0521707541 : _cKES 5355 |
||
| 040 |
_aKABU _cKABU |
||
| 100 | 1 |
_aSchaba, William A. _@0000159663 |
|
| 245 | 1 | 3 |
_aAn Introduction to the International Criminal Court / _cWilliam A. Schaba. |
| 250 | _a3rd ed. | ||
| 260 |
_aCambridge : _bC. U. P., _c2007. |
||
| 300 | _axiv, 548 p. | ||
| 650 | 0 |
_aInternational Criminal Court. _@0000159664 |
|
| 650 | 0 |
_aInternational Criminal Courts. _@0000159665 |
|
| 908 | _a080616 | ||
| 950 | _@1 | ||
| 999 |
_c10982 _d10982 |
||